000 00799nam a2200205 a 4500
001 BRCA_746
005 20190320203131.0
008 911022s1988 mx-a---###---f000-0#spa-d
020 _a9688160873
050 4 _aF1386
_b.D57 16
_c1988
245 1 0 _aMéxico y Cusco
_bciudades hermanas : 1987-1988
_cfotografía María Cristina Ribal.
260 _aMéxico
_bDepartamento del Distrito Federal : Secretaría General de Desarrollo Social : Comité Interno de Ediciones Gubernamentales
_c1988
300 _a74 p.
_bil. a color
_c21 cm.
440 0 _aColección Distrito Federal
_v16
_92469
650 1 4 _aCiudades hermanas
_92470
651 4 _aCiudad de México
_xDescripción y viajes
_92418
651 4 _aCuzco (Perú)
_xDescripción y viajes
_92471
700 1 _aRibal, María Cristina
_92472
942 _2lcc
_cB
999 _c645
_d645